Netter, cuaderno de anatomía para colorear (Registro nro. 8427)
[ vista simple ]
| 000 -Cabecera | |
|---|---|
| Campo de control de longitud fija | 00937nam a22003617a 4500 |
| 005 - Fecha y hora de la última transacción | |
| Campo de control | 20241011095637.0 |
| 008 - Elementos de longitud fija--Información general | |
| Campo de control de longitud fija | 160921b2015 sp ||||| |||| 00| 0 spa d |
| 020 ## - International Standard Book Number | |
| Número Internacional Estándar del Libro (ISBN) | 9788445826133 |
| 041 ## - Idioma | |
| Código de idioma | Español |
| 082 ## - Clasificación Decimal Dewey | |
| Número de clasificación | 611 H249n2 |
| 100 ## - Entrada principal--Autor personal | |
| Nombre personal | Hansen, John |
| 9 (RLIN) | 21776 |
| 245 ## - Título propiamente dicho | |
| Título | Netter, cuaderno de anatomía para colorear |
| 250 ## - Edición | |
| Mención de edición | 2 edición |
| 260 ## - Pie de imprenta | |
| Lugar de publicación, distribución, etc. | España |
| 260 ## - Pie de imprenta | |
| Nombre del editor, distribuidor, etc. | Elsevier |
| 260 ## - Pie de imprenta | |
| Fecha de publicación, distribución, etc. | 2015 |
| 300 ## - Descripción física | |
| Extensión | 383 páginas |
| 300 ## - Descripción física | |
| Otras características físicas | Ilustraciones a blanco y negro |
| 650 ## - Materia general | |
| Temática (materia general) | ANATOMÍA HUMANA |
| 650 ## - Materia general | |
| Temática (materia general) | SISTEMA ESQUELÉTICO |
| 650 ## - Materia general | |
| Temática (materia general) | SISTEMA MUSCULAR |
| 650 ## - Materia general | |
| Temática (materia general) | SISTEMA NERVIOSO |
| 650 ## - Materia general | |
| Temática (materia general) | SISTEMA CARDIOVASCULAR |
| 650 ## - Materia general | |
| Temática (materia general) | SISTEMA LINFÁTICO |
| 650 ## - Materia general | |
| Temática (materia general) | SISTEMA RESPIRATORIO |
| 650 ## - Materia general | |
| Temática (materia general) | SISTEMA DIGESTIVO |
| 650 ## - Materia general | |
| Temática (materia general) | SISTEMA URINARIO |
| 650 ## - Materia general | |
| Temática (materia general) | SISTEMA GENITAL |
| 650 ## - Materia general | |
| Temática (materia general) | CICLO MENSTRUAL |
| 650 ## - Materia general | |
| Temática (materia general) | SISTEMA ENDOCRINO |
| 942 ## - Punto de acceso adicional KOHA | |
| Tipo de ítem KOHA | Libro |
| Fuente del sistema de clasificación o colocación | Dewey Decimal Classification |
| Signatura completa | Código de barras | Programa Académico | Tipo de ítem |
|---|---|---|---|
| 611 H249n2 | 21452 | Mecánica Dental | Libro |
| 611 H249n2 | 22513 | Mecánica Dental | Libro |
| 611 H249n2 | 22514 | Mecánica Dental | Libro |
| 611 H249n2 | 22515 | Mecánica Dental | Libro |